书目信息 |
| 题名: |
悲剧的诞生
|
|
| 作者: | 尼采 著 ;孙周兴 译 | |
| 分册: | ||
| 出版信息: | 上海 上海人民出版社 2016 |
|
| 页数: | 259页 | |
| 开本: | 23cm | |
| 丛书名: | ||
| 单 册: | ||
| 中图分类: | B83-095.16 | |
| 科图分类: | ||
| 主题词: | 美学理论--Mei Xue Li Lun--德国--近代 | |
| 电子资源: | ||
| ISBN: | 978-7-208-13680-9 | |
| 000 | 01132nam0 22002771 450 | |
| 001 | 0101082419 | |
| 005 | 20161201094846.68 | |
| 010 | @a978-7-208-13680-9@dCNY48.00 | |
| 100 | @a20160531d2016 em y0chiy50 ea | |
| 101 | 1 | @achi@cger |
| 102 | @aCN@b310000 | |
| 105 | @ay z 000yy | |
| 106 | @ar | |
| 200 | 1 | @a悲剧的诞生@ABei Ju De Dan Sheng@dDie geburt der tragodie@f(德)尼采(Friedrich Nietzsche)著@g孙周兴等译@zger |
| 210 | @a上海@c上海人民出版社@d2016 | |
| 215 | @a259页@d23cm | |
| 300 | @a尼采经典著作 | |
| 305 | @a根据科利/蒙提那里考订研究班《尼采著作全集》(KSA)第1卷译出,并根据第14卷补译了相应的编者注释 | |
| 330 | @a本书作者尼采在对希腊艺术进行美学讨论的同时,完成了他对生命意义的思考,并对以苏格拉底科学乐观主义为特征的现代文化作出了批判。本书同时附录了1870-1873年的巴塞尔遗著选。 | |
| 510 | 1 | @aGeburt der tragodie@zger |
| 606 | 0 | @a美学理论@AMei Xue Li Lun@y德国@z近代 |
| 690 | @aB83-095.16@v5 | |
| 701 | 0 | @c(德)@a尼采@ANi Cai@c(Nietzsche, Friedrich Wilhelm@f1844~1900)@4著 |
| 702 | 0 | @a孙周兴@ASun Zhou Xing@f(1963~)@4译 |
| 801 | 0 | @aCN@bTANGWEI@c20161128 |
| 905 | @b0951055-9@dB83-095.16@e301@f5 | |
| 悲剧的诞生=Die geburt der tragodie/(德)尼采(Friedrich Nietzsche)著/孙周兴等译.-上海:上海人民出版社,2016 |
| 259页;23cm |
| 尼采经典著作 |
| ISBN 978-7-208-13680-9:CNY48.00 |
| 本书作者尼采在对希腊艺术进行美学讨论的同时,完成了他对生命意义的思考,并对以苏格拉底科学乐观主义为特征的现代文化作出了批判。本书同时附录了1870-1873年的巴塞尔遗著选。 |
| ● |
| 相关链接 |
|
|
|
|
正题名:悲剧的诞生
索取号:B83-095.16/301
 
预约/预借
| 序号 | 登录号 | 条形码 | 馆藏地/架位号 | 状态 | 备注 |
| 1 | 0951055 | 209510554 | 第一样本阅览室/ [索取号:B83-095.16/301] | 在馆 | |
| 2 | 0951056 | 209510563 | 第一借阅区/ [索取号:B83-095.16/301] | 在馆 | |
| 3 | 0951057 | 209510572 | 第一借阅区/ [索取号:B83-095.16/301] | 在馆 | |
| 4 | 0951058 | 209510581 | 第一借阅区/ [索取号:B83-095.16/301] | 在馆 | |
| 5 | 0951059 | 209510590 | 第一借阅区/ [索取号:B83-095.16/301] | 在馆 |